Datum a čas kvízu
29
Celkem bodů
Celkový počet nahraných bodů na tomto kvízu bez doplňovacích otázek.
11.
Pořadí na kvízu
Konečné umístění týmu na tomto kvízu.
Zaznamenané odpovědi
| # | Otázka | Odpověď | Body | Výsledky |
|---|---|---|---|---|
| 1. | Novým místopředsedou sněmovny... | Aleš Juchelka | 0 | |
| 2. | V médiích se minulý týden obje... | nafukovací panna | 0 | |
| 3. | Minulý týden jsme se dozvěděli... | Tereza Pergnerová | 1 | |
| 4. | V pondělí jsme se dozvěděli o... | Dagmar Havlová | 0 | |
| 5. | Tak trochu ve stínu Eura se v... | Copa América | 1 | |
| 6. | Pojmenování spojená s reproduk... | zmetek | 1 | |
| 7. | Jak se jmenuje zobrazené oblíb... | kamerunská ovce (djallonké) | 1 | |
| 8. | Které z následujících tvrzení... | B | 1 | |
| 9. | Jak se jmenuje člověkem vyhube... | pratur | 0 | |
| 10. | Zvířata, která mají vlnu, vylu... | lanolin | 0 |